The weather-rice-nutrient integrated decision support system (WeRise)

Contents: Overview of WeRise development, database development, ORYZA simulation, interface of WeRise.

Na minha lista:
Detalhes bibliográficos
Formato: Livro
Idioma:Undetermined
Publicado em: Japan JIRCAS 2016
Assuntos:
Tags: Adicionar Tag
Sem tags, seja o primeiro a adicionar uma tag!
Thư viện lưu trữ: Trung tâm Học liệu Trường Đại học Cần Thơ
LEADER 00685nam a2200193Ia 4500
001 CTU_225701
008 210402s9999 xx 000 0 und d
082 |a 633.18 
082 |b W362/No.83 
245 4 |a The weather-rice-nutrient integrated decision support system (WeRise) 
245 0 |c Edited by Keiichi Hayashi, Lizzida P. Llorca 
260 |a Japan 
260 |b JIRCAS 
260 |c 2016 
520 |a Contents: Overview of WeRise development, database development, ORYZA simulation, interface of WeRise. 
650 |a Rice,Cây lúa 
650 |x Climate change,Biến đổi khí hậu 
910 |b nthai 
980 |a Trung tâm Học liệu Trường Đại học Cần Thơ